Loading...
C# 2010 for programmers
| Main Author: | |
|---|---|
| Other Authors: | |
| Format: | Printed Book |
| Published: |
New Delhi
Pearson
2011
|
| Edition: | 4th |
| Subjects: |
| LEADER | 00565nam a22001817a 4500 | ||
|---|---|---|---|
| 020 | |a 9788131761748 | ||
| 082 | |a 005.133 C# |b DEI/C | ||
| 100 | |a Deitel, Paul | ||
| 245 | |a C# 2010 for programmers | ||
| 250 | |a 4th | ||
| 260 | |a New Delhi |b Pearson |c 2011 | ||
| 300 | |a 1199p. | ||
| 650 | |a C# programming | ||
| 650 | |a Computer science | ||
| 700 | |a Deitel, Harvey | ||
| 942 | |c BK | ||
| 999 | |c 36036 |d 36036 | ||
| 952 | |0 0 |1 0 |4 0 |6 005_133000000000000_C_DEIC |7 0 |8 Stack |9 38129 |a KUCL |b KUCL |c Stack |d 2015-11-19 |g 775.00 |l 2 |m 1 |o 005.133 C# DEI/C |p 35384 |r 2017-11-22 |s 2017-09-23 |w 2015-11-19 |y BK | ||